00782nam a2200241Ia 4500001000600000003000900006008004100015040001300056040001300069041001300082100001800095100002900113245001500142245009700157250001100254260001100265260001100276260004900287300005700336500008400393650003200477650003100509F6087IT-RoPAU130308s9999 xx 000 0 und d aIT-RoPAU cIT-RoPAU aITALIANO aBinet Jacques gCodice Aut. SPICS: 51969 aSuono (Il) bNascita del Cinema in Africa (La). Il Cinema dell'Africa Sub-Sahariana Dalle Origini al 1975 a1a ed. aTORINO bLindau c1998 [1° Ed.:1998 - Ed.Ling.Originale:1983] a"5 p. (prefazione: no ; testo: 5 [pagine: 213-217])" aRiflessioni Sul Cinema Africano. Parola, Rumori, Canto e Musica, ritmo e Danza. aSTORIA NAZIONALE DEL CINEMA eCodice materia Spics: 6809